[Event "Holguin Province-ch sf"]
[Site "Holguin"]
[Date "2018.09.10"]
[Round "6"]
[White "Cespedes Bejerano, Jose Angel"]
[Black "Maestre Cespedes, Marlon"]
[Result "1/2-1/2"]
[WhiteElo "2080"]
[BlackElo "2098"]
[PlyCount "51"]
[EventDate "2018.09.07"]
[EventType "swiss"]
[EventRounds "7"]
[EventCountry "CUB"]
[SourceTitle "EXT 2021"]
[Source "ChessBase"]
[SourceDate "2020.10.23"]
[SourceVersion "1"]
[SourceVersionDate "2020.10.23"]
[SourceQuality "1"]

1. d4 Nf6 2. Nf3 e6 3. Bg5 d5 4. e3 Be7 5. c4 0-0 6. Nc3 c6 7. Rc1 Nbd7 8. Bd3 dxc4 9. Bxc4 Nd5 10. Bxe7 Qxe7 11. 0-0 Nxc3 12. Rxc3 e5 13. dxe5 Nxe5 14. Nxe5 Qxe5 15. f4 Qe4 16. Rf2 Bf5 17. Rd2 Qe7 18. g4 Be4 19. Bd3 Rfe8 20. Bxe4 Qxe4 21. Rd7 Re7 22. Rd4 Qe6 23. a3 h6 24. h3 Rae8 25. Qf3 Qa2 26. Qf2 1/2-1/2